| Tag |
First Indicator |
Second Indicator |
Subfields |
| LEADER |
00000cam a2200000 a 4500 |
| 001 |
in00001237119 |
| 005 |
20151003061137.0 |
| 008 |
801002s1980 enkab b 001 0 eng |
| 010 |
|
|
|a 80500233
|
| 015 |
|
|
|a GB***
|
| 020 |
|
|
|a 0853683549 :
|c £9.95
|
| 035 |
|
|
|a (OCoLC)06914617
|
| 035 |
|
|
|9 AGS3635AM
|
| 040 |
|
|
|a DLC
|c DLC
|d UtOrBLW
|
| 043 |
|
|
|a e-uk---
|
| 049 |
|
|
|a TXAS [mil]
|
| 050 |
0 |
0 |
|a UA652.K523
|b W66
|
| 082 |
0 |
|
|a 356/.11/0941
|2 19
|
| 090 |
|
|
|a UA652.K523
|b W66 1980
|
| 100 |
1 |
|
|a Woollcombe, Robert.
|
| 245 |
1 |
0 |
|a All the blue bonnets :
|b the history of the King's Own Scottish Borderers /
|c Robert Woollcombe ; with a foreword by F.H. Coutts.
|
| 264 |
|
1 |
|a London :
|b Arms and Armour Press,
|c [1980]
|
| 264 |
|
4 |
|c ©1980
|
| 300 |
|
|
|a 208 pages, 8 unnumbered leaves of plates :
|b illustrations, maps ;
|c 23 cm.
|
| 336 |
|
|
|a text
|b txt
|2 rdacontent
|
| 337 |
|
|
|a unmediated
|b n
|2 rdamedia
|
| 338 |
|
|
|a volume
|b nc
|2 rdacarrier
|
| 504 |
|
|
|a Includes bibliographical references and index.
|
| 610 |
1 |
0 |
|a Great Britain.
|b Army.
|b King's Own Scottish Borderers
|x History.
|
| 999 |
|
|
|a MARS
|
| 999 |
f |
f |
|s dc89bd96-f260-30ba-8e47-82cd4128340a
|i 69408094-a515-393a-85aa-c8f750140133
|t 0
|
| 952 |
f |
f |
|p noncirc
|a Texas A&M University
|b College Station
|c Cushing Memorial Library & Archives
|d Cushing: Ragan Military (Does not check out)
|t 0
|e UA652.K523 W66 1980
|h Library of Congress classification
|i unmediated -- volume
|
| 998 |
f |
f |
|a UA652.K523 W66 1980
|t 0
|l Cushing: Ragan Military (Does not check out)
|